Viaje de Turquía : (la odisea de Pedro de Urdemalas) /

Bibliographic Details
Main Author: Villalón, Cristóbal de, active 16th century
Other Authors: Salinero, Fernando G. (Fernando García)
Format: Book
Language:Spanish
Published: Madrid : Cátedra, [1980]
Series:Letras hispánicas ; 116.
Subjects:

MARC

Tag First Indicator Second Indicator Subfields
LEADER 00000cam a2200000 a 4500
001 in00002005694
005 20151031141442.0
008 810820s1980 sp b b 001 0 spa
010 |a  81102483  
015 |a Sp*** 
019 |a 7162549 
020 |a 8437602483 
035 |a (OCoLC)ocm07733326 
040 |a DLC  |c DLC  |d OCL  |d MUQ  |d TXA  |d UtOrBLW 
043 |a a-tu--- 
049 |a TXAM 
050 0 0 |a DR423  |b .V5 1980 
082 0 0 |a 915.61/041  |2 19 
100 1 |a Villalón, Cristóbal de,  |d active 16th century. 
245 1 0 |a Viaje de Turquía :  |b (la odisea de Pedro de Urdemalas) /  |c edición de Fernando G. Salinero. 
264 1 |a Madrid :  |b Cátedra,  |c [1980] 
264 4 |c ©1980 
300 |a 514 pages :  |b maps ;  |c 18 cm. 
336 |a text  |b txt  |2 rdacontent 
337 |a unmediated  |b n  |2 rdamedia 
338 |a volume  |b nc  |2 rdacarrier 
490 1 |a Letras hispánicas ;  |v 116 
504 |a Bibliography: pages 79-83. 
500 |a Includes index. 
536 |a From the Biblioteca Asensio, April 2004. 
651 0 |a Turkey  |x Description and travel  |v Early works to 1800. 
651 0 |a Turkey  |x Social life and customs. 
651 6 |a Turquie  |x Descriptions et voyages. 
651 6 |a Turquie  |x Mœurs et coutumes. 
700 1 |a Salinero, Fernando G.  |q (Fernando García) 
830 0 |a Letras hispánicas ;  |v 116. 
994 |a C0  |b TXA 
948 |a cataloged  |b h  |c 2004/11/12  |d c  |e bhartsfi  |f 3:23:07 pm 
999 |a MARS 
999 f f |s ff07d680-3888-35f4-a4f0-f5c7299300ed  |i 75aa8a92-87a3-3c87-99cc-fc8601eeaa2b  |t 0 
952 f f |p ric  |a Texas A&M University  |b Rellis Campus  |c Joint Library Facility  |d Remote Storage  |t 0  |e DR423 .V5 1980  |h Library of Congress classification  |i unmediated -- volume  |m A14831286945 
998 f f |a DR423 .V5 1980  |t 0  |l Remote Storage